NLSUI OPAC header image

Principles of public international law : (Record no. 31949)

MARC details
000 -LEADER
fixed length control field 00804cam a22002414a 4500
001 - CONTROL NUMBER
control field 16016871
005 - DATE AND TIME OF LATEST TRANSACTION
control field 20260122113710.0
008 - FIXED-LENGTH DATA ELEMENTS--GENERAL INFORMATION
fixed length control field 091211s2008 my a b a001 0 eng
010 ## - LIBRARY OF CONGRESS CONTROL NUMBER
LC control number 2009516506
020 ## - INTERNATIONAL STANDARD BOOK NUMBER
International Standard Book Number 9789833855551
082 ## - DEWEY DECIMAL CLASSIFICATION NUMBER
Classification number 341 JAN
100 1# - MAIN ENTRY--PERSONAL NAME
Personal name Jan, Mohammad Naqib Ishan.
245 10 - TITLE STATEMENT
Title Principles of public international law :
Remainder of title a modern approach /
Statement of responsibility, etc. Mohammad Naqib Ishan Jan.
260 ## - PUBLICATION, DISTRIBUTION, ETC.
Place of publication, distribution, etc. Kuala Lumpur :
Name of publisher, distributor, etc. International Islamic University Malaysia,
Date of publication, distribution, etc. 2008.
300 ## - PHYSICAL DESCRIPTION
Extent xxviii, 499 p. :
Other physical details ill. ;
Dimensions 23 cm.
336 ## - CONTENT TYPE
Content type term text
Content type code txt
Source rdacontent
337 ## - MEDIA TYPE
Media type term unmediated
Media type code n
Source rdamedia
338 ## - CARRIER TYPE
Carrier type term volume
Carrier type code nc
Source rdacarrier
504 ## - BIBLIOGRAPHY, ETC. NOTE
Bibliography, etc. note Includes bibliographical references and index.
650 #0 - SUBJECT ADDED ENTRY--TOPICAL TERM
Topical term or geographic name entry element International law
Geographic subdivision Malaysia.
650 #0 - SUBJECT ADDED ENTRY--TOPICAL TERM
Topical term or geographic name entry element International law.
942 ## - ADDED ENTRY ELEMENTS (KOHA)
Source of classification or shelving scheme Dewey Decimal Classification
Koha item type BOOKs
Holdings
Withdrawn status Lost status Source of classification or shelving scheme Damaged status Not for loan Home library Current library Shelving location Date acquired Total Checkouts Full call number Barcode Date last seen Date last checked out Price effective from Koha item type
    Dewey Decimal Classification     . . General Stacks 30.05.2017 1 341 JAN 28929 27.09.2019 16.09.2019 30.05.2017 BOOKs